000
00339nam a2200145Ia 4500
005
20251222152659.0
008
251222s9999||||xx |||||||||||||| ||spa||
020
_a
8434520621
082
_a
610/F84
100
_a
Friedman, Harold
245
0
_a
Manual de Diagnóstico Médico
250
_a
2da.ed.
264
_b
Salvat S.A
942
_c
LIB
999
_c
28741
_d
28741